00986cam a22002777a 4500003000500000005001700005008004100022010001000063011001000073020001500083035001000098040000900108100002200117245015600139260008200295300001000377410006100387490002500448650002900473650003700502650003500539700002300574700002500597810006100622830002500683CHAP20220329142437.0010216d2000 nl r 00110 eng d a83546 a84518 a929118053X a95039 cCHAP00aMadkour, Magdy A.10aAnalysis of a national biosafety system :bregulatory policies and procedures in Egyptc/by Magdy A. Madkour, Amis S. El Nawawy and Patricia L. Traynor aThe Hague :bInternational Service for National Agricultural Research,c2000. a41 p. aInternational Service for National Agricultural Research 0aCountry reportv; 6214aBiotecnología vegetal.14aIndustriaxMedidas de seguridad.14aPolítica agrícolaxEgipto.0 aEl Nawawy, Amin S.0 aTraynor, Patricia L.00aInternational Service for National Agricultural Research0 aCountry reportv; 62